| 000 | 00455nam a22001457a 4500 | ||
|---|---|---|---|
| 082 |
_a920 _bCHA/V |
||
| 100 | _aCHANDHANAPPALLY | ||
| 245 | _aVISWAMAHAKAVI RABEENDRANATH TAGORE | ||
| 246 |
_aVISWAMAHAKAVI RABEENDRANATH TAGORE _bVISWAMAHAKAVI RABEENDRANATH TAGORE |
||
| 260 |
_aTHIRUVANANTHAPURAM _bPRABHATH BOOK HOUSE _c2016 |
||
| 300 | _a120 | ||
| 520 | _aBIOGRAPHY OF VISWAMAHAKAVI RABEENDRANATH TAGORE | ||
| 650 | _a MALAYALAM BIOGRAPHY | ||
| 942 | _cBK | ||
| 999 |
_c8671 _d8671 |
||